Príjmy, výdavky a spotreba domácností za rok 1996 domácnosti dôchodcov za SR

Salvato in:
Dettagli Bibliografici
Natura: Libro
Lingua:slovacco
Pubblicazione: Bratislava Štatistický úrad Slovenskej republiky 1997
Serie:Slovenská štatistika
Soggetti:
Tags: Aggiungi Tag
Nessun Tag, puoi essere il primo ad aggiungerne!!

MARC

LEADER 00000nam a2200000 4500
001 c019474
005 20251209071131.1
041 0 |a slo 
044 |a SK 
245 1 0 |a Príjmy, výdavky a spotreba domácností za rok 1996  |b domácnosti dôchodcov za SR 
264 1 |a Bratislava  |b Štatistický úrad Slovenskej republiky  |c 1997 
300 |a 57 s. 
490 1 |a Slovenská štatistika 
830 0 |a Slovenská štatistika 
610 2 0 |a Slovensko 
610 2 0 |a domácnosti 
610 2 0 |a príjmy domácností 
610 2 0 |a výdavky domácností 
610 2 0 |a spotreba domácností 
610 2 0 |a dôchodcovia